| 000 | 00762cam a2200217 a 4500 | ||
|---|---|---|---|
| 999 |
_c12022 _d12022 |
||
| 003 | OSt | ||
| 005 | 20231229155653.0 | ||
| 008 | 040130s2003 ii ab 000 0 eng | ||
| 020 | _a8187853220 | ||
| 042 | _alcode | ||
| 043 | _aa-ii--- | ||
| 082 | 0 | 0 |
_a728/.37/095475 _222 |
| 100 | 1 | _aUdamale, Sanjay. | |
| 245 | 1 | 0 |
_aArchitecture for Kutch : _breinterpreting the lifestyle, culture, crafts and architecture of Kutch region in new housing / _cSanjay Udamale. |
| 260 |
_aMumbai : _bEnglish Edition, _c2003. |
||
| 300 |
_a112 p. : _bill. (some col.), maps ; _c31 cm. |
||
| 610 | 2 | 0 | _aHousing in Kutch (Project) |
| 650 | 0 |
_aArchitecture _zIndia _zKachchh _xHistory _y20th century. |
|
| 651 | 0 |
_aKachchh (India) _xSocial life and customs _y20th century. |
|
| 942 | _2ddc | ||